| 000 | 00354nam a2200145Ia 4500 | ||
|---|---|---|---|
| 008 | 230917s9999||||xx |||||||||||||| ||und|| | ||
| 040 |
_e118367 _aMAIN |
||
| 041 | _aEnglish | ||
| 082 | _a574.072 L588C | ||
| 100 | _aLewis, R. ED. | ||
| 245 | 0 | _aComputers in the life science | |
| 260 |
_aLondon _bCroom Helm _c1979 |
||
| 300 | _a123p. p. | ||
| 942 | _cBK | ||
| 999 |
_c231229 _d231229 |
||